Länder nach letztem Buchstaben A-Z - Statistiken

Allgemein
  • Dieses Quiz wurde 134 mal gespielt
  • Das Durchschnittsergebnis liegt bei 13 aus 17
Antwortstatistiken
Hint # Antwort % Korrekt
A 43 Andorra | Angola | Antigua and Barbuda | Äquatorial-Guinea ...
99%
D 11 Deutschland | Estland | Finnland | Griechenland | Irland | Island ...
98%
N 67 Afghanistan | Ägypten | Albanien | Algerien | Argentinien | Armenien ...
96%
I 12 Brunei | Burundi | Dschibuti | Eswatini | Fidschi | Kiribati | Haiti ...
93%
E 11 Belize | Chile | Elfenbeinküste | Kap Verde | Niederlande | Sierra Leone ...
92%
O 12 Burkina Faso | Demokratische Republik Kongo | Kosovo | Lesotho ...
92%
R 8 Ecuador | El Salvador | Katar | Madagaskar | Myanmar | Niger | Osttimor | Singapur
86%
L 4 Israel | Nepal | Portugal | Senegal
83%
K 5 Dänemark | Dominikanische Republik | Irak | Mosambik | Zentralafrikanische Republik
80%
U 6 Guinea Bissau | Nauru | Palau | Peru | Tuvalu | Vanuatu
80%
H 5 Bangladesch | Frankreich | Österreich | Vereinigtes Königreich
74%
S 7 Bahamas | Barbados | Belarus | Honduras | Laos | Mauritius | St. Kitts und Nevis
73%
Y 2 Paraguay | Uruguay
59%
Z 1 Schweiz
44%
M 2 Surinam | Vietnam
44%
G 1 Luxemburg
34%
T 2 Kuwait | Vatikanstadt
33%
Keine übereinstimmenden Quizze gefunden
Verteilung der Resultate
Anzahl Personen mit jedem Resultat
Perzentil nach korrekt beantworteten Fragen
Ihre Resultats-Entwicklung
Sie haben dieses Quiz noch nicht gespielt